Welcome to CU Library Online Public Access Catalogue (OPAC)

Encyclopedia of Jesus' life and time / (Record no. 7216)

MARC details
000 -LEADER
fixed length control field 00958cam a2200241 a 4500
001 - CONTROL NUMBER
control field 14828235
005 - DATE AND TIME OF LATEST TRANSACTION
control field 20250730162319.0
008 - FIXED-LENGTH DATA ELEMENTS--GENERAL INFORMATION
fixed length control field 070430s2005 tnu 001 0deng d
020 ## - INTERNATIONAL STANDARD BOOK NUMBER
International Standard Book Number 9780899574769
020 ## - INTERNATIONAL STANDARD BOOK NUMBER
International Standard Book Number 0899574769
050 00 - LIBRARY OF CONGRESS CALL NUMBER
Classification number BT203
Item number .E57 2005
082 00 - DEWEY DECIMAL CLASSIFICATION NUMBER
Classification number 232.03
Edition information 22
245 00 - TITLE STATEMENT
Title Encyclopedia of Jesus' life and time /
Statement of responsibility, etc. c ompiled by Mark Water.
260 ## - PUBLICATION, DISTRIBUTION, ETC.
Place of publication, distribution, etc. Chattanooga, Tenn. :
Name of publisher, distributor, etc. AMG Publishers,
Date of publication, distribution, etc. c2005.
300 ## - PHYSICAL DESCRIPTION
Extent 816 p. ;
Dimensions 24 cm.
500 ## - GENERAL NOTE
General note "The ultimate handbook on how Jesus' life and time affects us today"--Cover.
500 ## - GENERAL NOTE
General note Includes indexes.
700 1# - ADDED ENTRY--PERSONAL NAME
Personal name Water, Mark.
856 42 - ELECTRONIC LOCATION AND ACCESS
Materials specified Contributor biographical information
Uniform Resource Identifier <a href="http://www.loc.gov/catdir/enhancements/fy1112/2007310295-b.html">http://www.loc.gov/catdir/enhancements/fy1112/2007310295-b.html</a>
856 42 - ELECTRONIC LOCATION AND ACCESS
Materials specified Publisher description
Uniform Resource Identifier <a href="http://www.loc.gov/catdir/enhancements/fy1112/2007310295-d.html">http://www.loc.gov/catdir/enhancements/fy1112/2007310295-d.html</a>
856 41 - ELECTRONIC LOCATION AND ACCESS
Materials specified Table of contents only
Uniform Resource Identifier <a href="http://www.loc.gov/catdir/enhancements/fy1112/2007310295-t.html">http://www.loc.gov/catdir/enhancements/fy1112/2007310295-t.html</a>
942 ## - ADDED ENTRY ELEMENTS (KOHA)
Source of classification or shelving scheme Library of Congress Classification
Koha item type Reference
Suppress in OPAC No
999 ## -
-- 7216
-- 7216
Holdings
Withdrawn status Lost status Source of classification or shelving scheme Damaged status Not for loan Collection Home library Current library Shelving location Date acquired Total checkouts Full call number Barcode Date last seen Copy number Price effective from Koha item type
    Library of Congress Classification     Reference Undergraduate Library (Christ Temple) Undergraduate Library (Christ Temple) General stacks 07/30/2025   BT203.E57 ulct00004243 07/30/2025 1 07/30/2025 Reference
© 2023-2024 Copyright: Central University Libraries. All Rights Reserved | Created by: Mahone Tech Office